000 00443nam a2200157 i 4500
001 73579
003 ES-MaACL
005 20230906171846.0
007 t|
008 040908s1973 sp ||||1| spa d
100 1 _aGómez Lucía, César.
_958022
245 1 0 _aYalta
_b: el moderno tratado de Tordesillas /
_cCésar Gómez Lucía.
260 _aMadrid :
_b[s.n.,
_c1973]
300 _a101 p. ;
_c21 cm.
852 _aES-MaACL
_jC-55650
_bR.88199
999 _c73579
_d73579